Slayr - Half Blood - Statistics

General Stats
  • This quiz has been taken 67 times
  • The average score is 11 of 12
Answer Stats
Song Half Blood % Correct
3 Sloppy Joe
97%
9 Holding
95%
1 Love Blur
92%
12 Set in Stone
92%
2 Demigod
89%
4 Never Go Down
89%
7 Phone (Interlude)
89%
6 24/7
87%
11 The Sky
87%
5 Wipe Yo Nose
87%
10 Death by MP3
84%
8 Power 4
74%
No matching quizzes found
Score Distribution
Percent of People with Each Score
Percentile by Number Answered
Your Score History
You have not taken this quiz